HPK Network Maps - Statistics

General Stats
  • This quiz has been taken 8 times
  • The average score is 55 of 83
Answer Stats
Map Type Difficulty Map Name % Correct
Challenges 9 50x Slab to Fence 4b
80%
Challenges 7- 5 Jumps to Parkour Master L-D
80%
Challenges 6 5 Jumps to Parkour Pro L-D
80%
Challenges 2 5 Jumps to Parkour Rookie L-D
80%
Rankup 1 Alpha Rankup I
80%
Rankup 2 Alpha Rankup II
80%
Rankup 3 Alpha Rankup III
80%
Rankup 4- Alpha Rankup IV
80%
Rankup 5- Alpha Rankup V
80%
Rankup 6- Alpha Rankup VI
80%
Rankup 7- Alpha Rankup VII
80%
Rankup 8 Alpha Rankup VIII
80%
Rankup 9+ Boulangerie
80%
Segmented 9- Carnage
80%
Segmented 7 Chloros
80%
Segmented 8- Contempo
80%
Segmented 10- Death Corridor
80%
Segmented 8+ Dreamworld 2
80%
Segmented 7- Dystopia
80%
Segmented 8+ Entropy
80%
Segmented 11- Ettc Section
80%
Segmented 9- Hallway 9
80%
Segmented 9- Hellfire Corridor
80%
Segmented 11 Juku Section
80%
Rankup 8 Mansion
80%
Segmented 9- Microcosms
80%
Segmented 7 Naval Hallway
80%
Segmented 9- Submerged
80%
Segmented 8+ Sunshine
80%
Segmented 7- Ten Colors
80%
Challenges 9 The Centa Triple
80%
Rankup 7 The Tower
80%
Rankup 10- Tower of Kroh
80%
Segmented 1+ Valor 1
80%
Segmented 2+ Valor 2
80%
Segmented 3+ Valor 3
80%
Segmented 4+ Valor 4
80%
Segmented 5+ Valor 5
80%
Segmented 6+ Valor 6
80%
Segmented 7+ Valor 7
80%
Segmented 8+ Valor 8
80%
Segmented 9+ Valor 9
80%
Segmented 10- Void Corridor
80%
Segmented 8- 3x3 Parkour
60%
Segmented 7- 4x4 Parkour
60%
Challenges 7+ 5 Jumps to Parkour Expert L-D
60%
Challenges 9 5 Jumps to Parkour God L-D
60%
Challenges 3 5 Jumps to Parkour Novice L-D
60%
Challenges 5+ 5 Jumps to Parkour Proficient L-D
60%
Challenges 4 5 Jumps to Parkour Skilled L-D
60%
Segmented 6- Aurora
60%
Rankup 7+ Construction
60%
Segmented 7- Divergence
60%
Segmented 7+ Empyrean
60%
Rankup 7- Gallery
60%
Segmented 7 Infernum
60%
Segmented 8 Lost IV
60%
Rankup 1- Pixel Hill
60%
Challenges 5+ Pixel Hill: Time Attack!
60%
Segmented 7- Postlude
60%
Rankup 7 Sewer
60%
OneJump 7 Simple Parkour
60%
OneJump 9 Simple Parkour 2
60%
OneJump 5+ Ten Jumps
60%
Segmented 6- Valor 1 Remastered
60%
Challenges 7 Valor 1: Time Attack!
60%
Segmented 7- Valor 2 Remastered
60%
Challenges 7+ Valor 2: Time Attack!
60%
Segmented 5 Arenose Hallway
40%
Rankup 4 CakeCraft
40%
Rankup 5+ Candyfort
40%
Segmented 7+ Chronon
40%
Rankup 6 Gaudi
40%
Segmented 7+ Island Incremental
40%
Segmented 7- Khromaskor
40%
Segmented 8 Kurama
40%
Rankup 6 Medieval
40%
Challenges 5 Pane Up To Heaven
40%
Segmented 2 Pastoral Hallway
40%
Segmented 6 Scorpius
40%
Segmented 3 Craggy Hallway
20%
Segmented 7 Cyclone
20%
Segmented 6 Elevation Escapade
20%
No matching quizzes found
Score Distribution
Percent of People with Each Score
Percentile by Number Answered
Your Score History
You have not taken this quiz